| 000 | 00522pam a2200157 a 4500 | ||
|---|---|---|---|
| 999 |
_c5894 _d5894 |
||
| 020 | _a0198254350 | ||
| 050 | 0 | 0 |
_aKD3110 _b.C69 |
| 100 | 1 | _aCollins, Hugh, | |
| 245 | 1 | 0 |
_aJustice in dismissal : _bthe law of termination of employment / _cHugh Collins. |
| 260 |
_aOxford : _bClarendon Press ; _aNew York : _bOxford University Press, _c1992. |
||
| 300 |
_axxiv, 277 p. ; _c25 cm. |
||
| 440 | 0 | _aOxford monographs on labour law | |
| 500 | _aIncludes index | ||
| 650 | 0 |
_aEmployees _xDismissal of _xLaw and legislation |
|
| 942 | _cBK | ||